Dark politics: The personality of politicians and the future of democracy (Record no. 395330)

MARC details
000 -LEADER
fixed length control field 00578 a2200205 4500
005 - DATE & TIME
control field 20260319102634.0
008 - FIXED-LENGTH DATA ELEMENTS--GENERAL INFORMATION
fixed length control field 260318b |||||||| |||| 00| 0 eng d
020 ## - ISBN
International Standard Book Number 9780197681763
Price Rs. 795.00
040 ## - CATALOGING SOURCE
Original cataloging agency VIVEKANANDA LIBRARY
082 ## - DDC NUMBER
Classification number 320.01
Book Number N143D
100 ## - MAIN ENTRY--PERSONAL NAME
Personal name Nai, Alessandro
245 ## - TITLE STATEMENT
Title Dark politics: The personality of politicians and the future of democracy
260 ## - PUBLICATION, DISTRIBUTION, ETC. (IMPRINT)
Name of publisher, distributor, etc Oxford University Press
Date of publication, distribution, etc 2024
Place of publication, distribution, etc New York
300 ## - PHYSICAL DESCRIPTION
Pages xiv, 318
650 ## - Subject
Subject Political Science
650 ## - Subject
Subject Democracy
650 ## - Subject
Subject Political Systems
700 ## - Added Entry Personal Name
Added Entry Personal Name Maier, Jurgen
942 ## - ADDED ENTRY ELEMENTS (KOHA)
Koha item type Books
Holdings
Withdrawn status Lost status Source of classification or shelving scheme Damaged status Not for loan Location (home branch) Sublocation or collection (holding branch) Shelving location Date acquired Koha issues (times borrowed) Koha full call number Accession No. Koha date last seen Koha item type
    Dewey Decimal Classification     VIVEKANANDA LIBRARY VIVEKANANDA LIBRARY Vivekananda Library 28/01/2026   320.01 N143D 444732 28/01/2026 Books
© Designed and Maintained by Vivekananda Library, MDU Rohtak